000 00870nam a22002657a 4500
001 00000221
003 DO-SdBNP
005 20171110132005.0
007 00000221
008 160902b 2007 mx a |||| |||| 00| 0 spa d
040 _aBPMSU
_bspa
_cBPMSU
082 _a650.1082
_bL616m
100 _aLerner, Helene
245 1 4 _aLas Mujeres inteligentes corren riesgo :
_bseis pasos para superar tus temores y alcanzar el éxito /
_cHelene Lerner.
260 _aMéxico, D.F. :
_bAguilar,
_c2007.
300 _a243 p. :
_c23 cm.
500 _3incluye breve biografía de la autora.
650 4 _aMUJERES
_xORIENTACIÓN VOCACIONAL
650 4 _aPRUEBAS DEL RIESGO (PSICOLOGÍA)
650 4 _aÉXITO EN LOS NEGOCIOS
910 _aValidado. Control de calidad MFF
942 _2ddc
_cBK
945 _aInventariado, 2017/MFF
956 _2MCABRERA
_310
_620160902
_8BPMSU
999 _c11277
_d11277